Automata Theory and Formal Languages / (Record no. 527094)

000 -LEADER
fixed length control field 00369nam a22001457a 4500
003 - CONTROL NUMBER IDENTIFIER
control field NUST
020 ## - INTERNATIONAL STANDARD BOOK NUMBER
Qualifying information P/B
038 ## - RECORD CONTENT LICENSOR
Staff Name waseem
082 ## - DEWEY DECIMAL CLASSIFICATION NUMBER
Classification number 005.133
Author Mark KAN
100 ## - MAIN ENTRY--PERSONAL NAME
Personal name Kandar, Shyamalendu
9 (RLIN) 18189
245 ## - TITLE STATEMENT
Title Automata Theory and Formal Languages /
Statement of responsibility, etc. Shyamalendu Kandar
260 ## - PUBLICATION, DISTRIBUTION, ETC.
Place of publication, distribution, etc. New Delhi :
Name of publisher, distributor, etc. Dorling Kindersley,
Date of publication, distribution, etc. 2012.
300 ## - PHYSICAL DESCRIPTION
Extent 360 p. ;
942 ## - ADDED ENTRY ELEMENTS (KOHA)
Source of classification or shelving scheme
Koha item type Book
Holdings
Withdrawn status Lost status Source of classification or shelving scheme Damaged status Not for loan Permanent Location Current Location Date acquired Total Checkouts Full call number Barcode Date last seen Copy number Price effective from Koha item type Source of acquisition
          Central Library (CL) Central Library (CL) 06/16/2020   005.133 KAN CL-292 06/16/2020   06/16/2020 Book Allied Book Company
          Central Library (CL) Central Library (CL) 06/16/2020   005.133 KAN CL-293 06/16/2020   06/16/2020 Book Allied Book Company
          Central Library (CL) Central Library (CL) 06/16/2020   005.133 KAN CL-294 06/16/2020   06/16/2020 Book Allied Book Company
          NUST Baluchistan Campus (NBC) NUST Baluchistan Campus (NBC) 07/20/2019   005.133 KAN Q-10 07/20/2019 1 07/20/2019 Book  
© 2023 Central Library, National University of Sciences and Technology. All Rights Reserved.